|
|
|
|
| LEADER |
00000ny a22000003n 4500 |
| 005 |
2011062108308.0 |
| 008 |
090224n2008 sp 001 0 spa d |
| 020 |
|
|
|a 9788498493726
|
| 035 |
|
|
|a 4791
|
| 040 |
|
|
|a BUS
|d vLex
|
| 090 |
|
|
|c 903
|d 903
|
| 245 |
0 |
0 |
|a Reforma del Cd̤igo Penal
|h [Recurso electrn̤ico]
|b respuestas para una sociedad del siglo XXI /
|c Ignacio Francisco Bent̕ez Ortz︢ar (coordinador); Mercedes Alonso ℓlamo... [et al.]
|
| 256 |
|
|
|a Servicio en ln̕ea
|
| 260 |
|
|
|a Madrid :
|b Dykinson,
|c 2009
|
| 300 |
|
|
|a 257 p. ;
|c 22 cm
|
| 506 |
1 |
|
|a Contenido solo disponible en los productos indicados
|d vLex Global
|d vLex Global (Academic Edition, excluding Law Schools)
|d vLex Global (U.S. Academic Edition, Law Schools)
|d vLex Global (U.S. Academic Edition, excluding Law Schools)
|d vLex Global (Academic Edition, Law Schools)
|
| 650 |
0 |
4 |
|a Derecho penal
|z Espaą
|
| 700 |
1 |
|
|a Alonso ℓlamo, Mercedes,
|e coaut.
|
| 700 |
1 |
|
|a Bent̕ez Ortz︢ar, Ignacio Francisco,
|e coord.
|
| 740 |
0 |
|
|a vLex Libros (Servicios en ln̕ea)
|
| 856 |
4 |
0 |
|u http://vlex.com/source/4791
|z Acceso restringido
|
| 942 |
|
|
|c BOOK
|
| 999 |
0 |
|
|a Criminal Law
|b Madrid
|